| 000 | 00513nam a2200181 a 4500 | ||
|---|---|---|---|
| 005 | 20140310183146.0 | ||
| 008 | 020824s19uu xx 00 eng d | ||
| 020 | _a971232463X | ||
| 050 |
_aBF 713 _b.G492 2000 |
||
| 100 | _aGines, Adelaida C. | ||
| 245 |
_aDevelopmental psychology / _cAdelaida C. Gines, et al. ; |
||
| 260 |
_aManila, Philipines : _bRex Bookstore, _c2000. |
||
| 300 |
_a267 p. : _c23 cm. |
||
| 521 | _aPSYCH | ||
| 650 | _aDevelopmetal psychology | ||
| 942 |
_cBK _2lcc _kLOC |
||
| 999 |
_c19538 _d19538 |
||